000 01002cam a22003011i 4500
001 gs 11000560
003 DLC
005 20260227111312.0
008 790619s1911 dcuabf b f001 0 eng
010 _ags 11000560
035 _a(OCoLC)5082097
040 _aDLC
_cICharE
_dDLC
042 _apremarc
043 _an-us-ak
050 0 0 _aQE75
_b.B9 no. 467
051 _aTN24.A4
_bA7
_cCopy 2.
100 1 _aAtwood, Wallace Walker,
_d1872-1949.
245 1 0 _aGeology and mineral resources of parts of the Alaska peninsula /
_cby Wallace W. Atwood.
260 _aWashington,
_bGovt. Print. Off.,
_c1911.
300 _a137 p. :
_bill., xiv pl. (part fold., incl. maps)
_c24 cm.
490 1 _aU.S. Geological survey. Bulletin 467
500 _aPreface by Alfred H. Brooks.
504 _aBibliography : p. 132-133.
500 _aIncludes index.
650 0 _aGeology
_zAlaska.
650 0 _aMines and mineral resources
_zAlaska.
810 1 _aUnited States.
_bGeological Survey.
_tBulletin ;
_v467.
999 _c25079
_d25079